Music Quiz

Random Music or Clip Quiz

Song Intros (A-Z) Quiz Stats

Quiz Updated Aug 11, 2016

Challenge
Share
Tweet
Score 0/26 Timer 14:00
4 Plays Today
Time Song % Correct
0:11Beat It
84.1%
2:07Jump
84%
4:28Under Pressure
78.9%
1:15Free Fallin'
74%
0:50Dream On
68.5%
4:13Time After Time
67.7%
4:50Viva La Vida
64.9%
2:32Layla
63.9%
1:49In the End
57.2%
2:22Kashmir
53.2%
5:03Who Are You
47.8%
2:40Mercy
43.7%
5:38Zombie
43.6%
Time Song % Correct
0:00Alone
42.5%
3:23Peaches
37.8%
1:26Gloria
37.5%
5:32Yesterday
35.5%
4:03Slide
33.5%
2:48Night Moves
31.1%
0:29Collide
31.1%
3:05One Headlight
30.3%
1:36Honky Tonk Women
28.6%
1:03Earth Angel
25.5%
5:22''X''
24.2%
3:51Round Here
15.1%
3:39Question
7.1%

You're not logged in!

Compare scores with friends on all Sporcle quizzes.
Sign Up with Email
OR
Log In

You Might Also Like...

Show Comments

Extras

Top Quizzes Today


Score Distribution

Your Account Isn't Verified!

In order to create a playlist on Sporcle, you need to verify the email address you used during registration. Go to your Sporcle Settings to finish the process.